Statistiques concernant Les Pokémons les plus puissants! (1G - 6G)

Cliquez ici pour prendre le quiz!

Statistiques générales

  • Ce quiz a été pris 98 fois
  • Le résultat moyen est 12 sur 30

Statistiques - réponses

Base Réponse % Correct
180Primo Groudon
86%
190Méga Mewtwo X
79%
150Méga Mewtwo Y
79%
150Primo Kyogre
74%
180Méga Rayquaza
69%
150Rayquaza
56%
150Groudon
50%
180Deoxys attaque
47%
150Deoxys normal
47%
160Méga Braségali
44%
160Monaflémit
41%
160Regigigas
41%
164Méga Tyranocif
34%
170Méga Carchacrok
34%
170Kyurem Noir
34%
160Hoopa Déchaîné
30%
185Méga Scarhino
30%
165Méga Gallame
29%
150Zekrom
29%
160Méga Diancie
27%
165Charkos
26%
150Méga Laggron
26%
155Méga Léviator
24%
155Méga Scarabrute
21%
150Méga Cizayox
20%
150Méga Absol
20%
150Méga Dardargnan
19%
150Exagide
16%
165Méga Branette
14%
147Tranchodon
11%

Distribution des résultats

Percentile par nombre de réponses

% des personnes avec chaque résultat

Votre développement - résultats

Vous n’avez pas pris ce quiz